Central Library OPAC University of Rajshahi

Netaji through German lens / (Record no. 25698)

MARC details
000 -LEADER
fixed length control field 00767cam a2200265 i 4500
001 - CONTROL NUMBER
control field 25698
003 - CONTROL NUMBER IDENTIFIER
rucl marc code BD-RjUL
005 - DATE AND TIME OF LATEST TRANSACTION
control field 20211209050920.0
008 - FIXED-LENGTH DATA ELEMENTS--GENERAL INFORMATION
fixed length control field 140319s19771970ii b 000 0beng
035 ## - SYSTEM CONTROL NUMBER
System control number (BD-RjUL)25768
040 ## - CATALOGING SOURCE
Original cataloging agency DLC
Transcribing agency DLC
Modifying agency DLC
Language of cataloging eng
041 ## - LANGUAGE CODE
Language code of text/sound track or separate title eng
082 00 - DEWEY DECIMAL CLASSIFICATION NUMBER
Classification number 954.0350924
Author mark and year MON 1977
100 1# - MAIN ENTRY--PERSONAL NAME
Personal name Mookerjee, Nanda.
9 (RLIN) 78939
245 10 - TITLE STATEMENT
Title Netaji through German lens /
Statement of responsibility, etc. Nanda Mookerjee.
250 ## - EDITION STATEMENT
Edition statement 3d ed.
260 ## - PUBLICATION, DISTRIBUTION, ETC. (IMPRINT)
Place of publication, distribution, etc. Calcutta :
Name of publisher, distributor, etc. Jayasree Prakashan,
Date of publication, distribution, etc. 1977
300 ## - PHYSICAL DESCRIPTION
Pagination 109, xxxx p. ;
Size 22 cm.
504 ## - BIBLIOGRAPHY, ETC. NOTE
Bibliography, etc Includes bibliographical references.
600 10 - SUBJECT ADDED ENTRY--PERSONAL NAME
Personal name Bose, Subhas Chandra,
Dates associated with a name 1897-1945.
650 #0 - SUBJECT ADDED ENTRY--TOPICAL TERM
Topical term or geographic name as entry element Statesmen
Geographic subdivision India
General subdivision Biography.
9 (RLIN) 78941
942 ## - ADDED ENTRY ELEMENTS (KOHA)
Source of classification or shelving scheme Dewey Decimal Classification
Koha item type Books
Holdings
Lost status Source of classification or shelving scheme Damaged status Not for loan Collection code Permanent Location Current Location Shelving location Date acquired Source of acquisition Cost, normal purchase price Total Checkouts Full call number Date last seen Copy number Koha item type
  Dewey Decimal Classification   Added to bundle Non-fiction Central Library, University of Rajshahi Central Library, University of Rajshahi Reading Room 27/09/1978 India Internatonal calcata 20.00   954.0350924 MON 1977 19/03/2014 C-1 Books